000 00477nam a2200181Ia 4500
005 20250326124944.0
008 250326s9999 xx 000 0 und d
037 _aTextbook
040 _aFMSL
_beng
_cFMSL
041 _aeng
_2eng
084 _aX:8F L7
_qFMSL
100 _aEgginton D A
_9738255
245 0 _aAccounting for the banker
_cEgginton D A
260 _aNY
_bNY, Longman
_c1977
300 _a272p
942 _cTB
_hX:8F L7
999 _c1275900
_d1275900